| 000 | 00864nam a22002777a 4500 | ||
|---|---|---|---|
| 001 | 57970 | ||
| 003 | DO-SdBNP | ||
| 005 | 20180207132823.0 | ||
| 007 | 57970 | ||
| 008 | 891108s1988 sp spa | ||
| 016 | 7 | _2BPMSU | |
| 020 | _a8434586460 | ||
| 040 |
_aBPMSU _bspa _cBPMSU |
||
| 100 | 1 |
_aRinser, Luise, _d1911-2002 |
|
| 240 | 1 | 0 |
_aGeheimnis des Brunnens _lEspañol |
| 245 | 1 | 3 |
_aEl secreto de la fuente / _cLuise Rinser ; traducción de Mª Jesús Ampudia ; ilustraciones de Hans Poppel |
| 260 | 1 |
_aBarcelona : _bSalvat, _c1988 |
|
| 300 |
_a137 p. ; _bil. : _c22 cm, |
||
| 490 | 1 |
_aBiblioteca juvenil _v66 |
|
| 700 | 1 | 2 |
_aAmpudia, María Jesús _4tr. |
| 700 | 1 | 2 |
_aPoppel, Hans _4il. |
| 830 | 0 |
_aBiblioteca juvenil (Salvat Editores) _v66 |
|
| 942 |
_2ddc _cBK |
||
| 945 | _aInventariado, 2018 /LP | ||
| 956 |
_aVMATEO _220 _320151119 _6BPMSU _800151 |
||
| 999 |
_c8820 _d8820 |
||